Ricerca sulla prevenzione del tumore alla mammella : valutazione del rischio e indicazioni pratiche /
Enregistré dans:
| Collectivité auteur: | |
|---|---|
| Autres auteurs: | |
| Format: | Livre |
| Langue: | italien |
| Publié: |
Milano :
Europa Donna,
1997
|
| Sujets: | |
| Tags: |
Pas de tags, Soyez le premier à ajouter un tag!
|
MARC
| LEADER | 00000nam a22000007i 4500 | ||
|---|---|---|---|
| 001 | IT\ICCU\PUV\0407182 | ||
| 003 | ItRI | ||
| 005 | 20260115232427.0 | ||
| 008 | 990304s1997 it |||||| ||||| |||||c | ||
| 040 | |b ita |c importazione bologna sebina | ||
| 041 | 7 | |a ita |2 ISO-639-2 | |
| 245 | 0 | 0 | |a Ricerca sulla prevenzione del tumore alla mammella : |b valutazione del rischio e indicazioni pratiche / |c prefazione di Umberto Veronesi. |
| 260 | |a Milano : |b Europa Donna, |c 1997 | ||
| 300 | |a 64 p. ; |c 21 cm. | ||
| 650 | 7 | |a Cancro |x Mammella |x Prevenzione |2 scbi | |
| 700 | 1 | |a Veronesi, Umberto |0 IT\ICCU\CFIV\012365 | |
| 710 | 2 | |a Europa Donna |0 IT\ICCU\PUVV\197805 | |
| 942 | |2 ddc |c BK |n 0 | ||
| 952 | |0 0 |1 0 |4 0 |6 DOC_616_992000000000000_RIC |7 0 |9 25583 |a BO |b BO |d 2026-01-15 |i 4317 |l 0 |o DOC 616.992 RIC |p BO4317 |r 2026-01-15 23:24:27 |w 2026-01-15 |x [Sebina 5] [1 v.] |y BK |z 1 v. | ||
| 999 | |c 21710 |d 21710 | ||